=LDR 00000nam 2200000 4500 =001 NUTBA000000000000739 =005 20140401113141.0 =006 =007 =008 =020 ##$$a 978-602-98173-5-5 =035 ##$$a 0010-041400000000009 =082 ##$$a 510 =090 ##$$a 510 Adi r =100 ##$$a Adif Laksana $c S.Si =245 ##$$a Rumus Brilian Matematika SMP Kelas 1,2,3 =250 ##$$a Cet.1 =260 ##$$a Jogjakarta $b Javalentera $c 2011 =300 ##$$a 105 hlm $b ilus $c 21 cm =850 ##$$a NBPNMAT =990 ##$$a 94675/BPAP-NTB/2014 =990 ##$$a 21195218/BPAP-NTB/2014 =990 ##$$a 21196872/BPAP-NTB/2014